Land values and the implications for planning policy (Record no. 109597)

MARC details
000 -LEADER
fixed length control field 01735cad a22002415a 4500
001 - CONTROL NUMBER
control field L147514
008 - FIXED-LENGTH DATA ELEMENTS--GENERAL INFORMATION
fixed length control field 090519s2002 xxk d f s s000 0 eng d
020 ## - INTERNATIONAL STANDARD BOOK NUMBER
International Standard Book Number 0755934431
022 1# - INTERNATIONAL STANDARD SERIAL NUMBER
International Standard Serial Number 0950-2254
035 ## - SYSTEM CONTROL NUMBER
System control number (Sirsi) u147514
041 0# - LANGUAGE CODE
Language code of text/sound track or separate title eng
050 04 - LIBRARY OF CONGRESS CALL NUMBER
Classification number 711.1 $2 18
110 1# - MAIN ENTRY--CORPORATE NAME
Corporate name or jurisdiction name as entry element DTZ Pieda Consulting
9 (RLIN) 3600
245 00 - TITLE STATEMENT
Title Land values and the implications for planning policy
Medium [electronic resource]
260 ## - PUBLICATION, DISTRIBUTION, ETC.
Place of publication, distribution, etc. [Edinburgh]
Name of publisher, distributor, etc. Scottish Executive Social Research
Date of publication, distribution, etc. 2002
505 2# - FORMATTED CONTENTS NOTE
Formatted contents note Executive summary -- Chapter one: introduction -- Chapter two: review of research evidence -- Chapter three: trends in development land values -- Chapter four: trends in the location of employment -- Chapter five: future trends in land values -- Chapter six: case studies -- Chapter seven: perceptions of key players -- Chapter eight: summary of findings -- Chapter nine: policy implications -- Appendix one: indices of land value and employment change -- Appendix two: list of consultees
520 ## - SUMMARY, ETC.
Summary, etc. Looks at the effect which development land values have on planning policy, including issues such as housing density levels, employment land, planning gain, and the need for suitable skills within planning departments. Includes case studies on the Inner West area of Edinburgh, the Gorbals and Glasgow Green area of Glasgow, Aberdeen city centre and the Baxter Park/Stobswell area of Dundee. Provides indices of land value and employment change for Edinburgh, Glasgow, Aberdeen and Dundee.
521 ## - TARGET AUDIENCE NOTE
Target audience note Advanced
651 #4 - SUBJECT ADDED ENTRY--GEOGRAPHIC NAME
Geographic name Scotland
Chronological subdivision 1999-
690 ## - LOCAL SUBJECT ADDED ENTRY--TOPICAL TERM (OCLC, RLIN)
Topical term or geographic name as entry element Planning and development
9 (RLIN) 6259
856 40 - ELECTRONIC LOCATION AND ACCESS
Uniform Resource Identifier <a href="https://www.scotland.gov.uk/Publications/2002/11/15744/12723">https://www.scotland.gov.uk/Publications/2002/11/15744/12723</a>
Public note View the report free of charge at www.scotland.gov.uk...
942 ## - ADDED ENTRY ELEMENTS (KOHA)
Suppress in OPAC 0
Holdings
Withdrawn status Lost status Source of classification or shelving scheme Damaged status Not for loan Home library Current library Shelving location Date acquired Total Checkouts Full call number Barcode Date last seen Copy number Price effective from Koha item type
    Dewey Decimal Classification     Virtual Virtual Online 19/05/2009   ONLINE PUBLICATION 147514-2001 06/08/2019 1 06/08/2019 Book